Systematic Programming An Introduction /

Gespeichert in:
Bibliographische Detailangaben
1. Verfasser: Wirth, Niklaus (Verfasst von)
Format: Buch
Sprache:Englisch
Veröffentlicht: [1. vyd.] Prentice-Hall International: 1973
Schriftenreihe:Automatic Computation.
Schlagworte:
Tags: Tag hinzufügen
Keine Tags, Fügen Sie das erste Tag hinzu!

MARC

LEADER 00000nam a22000003a 4500
001 0019651
003 SK-STU
005 20161209104550.9
007 ta
008 161209s ----xo-----e------000-0-----d
020 |a 0-13-880369-2 
040 |a STU  |b slo 
041 0 |a eng 
044 |a xxu 
100 1 |a Wirth, Niklaus  |4 aut 
245 1 0 |a Systematic Programming An Introduction /  |c aut. Niklaus Wirth 
260 |a [1. vyd.]  |b Prentice-Hall International:  |c 1973 
300 |a 167 s. 
490 0 |a Automatic Computation. 
650 0 7 |a programovacie jazyky 
996 |c I*16TJ1707  |l II680  |s A  |a 24  |w 0019651_0001